000 00361nam a2200157Ia 4500
003 OSt
005 20240116154911.0
008 170523s9999 xx 000 0 und d
020 _a0074620495
040 _ciimt university meerut
100 _aCHANDRA- P
245 0 _aPROJECT PLANNING ANALYSIS
260 _bNEW DELHI PHI
260 _c2000
942 _2ddc
_c02
999 _c884
_d884